000 00724cab a2200217 4500
001 WB2719-64
008 090401t1991 xxu||||| |||| 00| 0 eng d
035 _a(Sirsi) u74292
041 _aeng
245 _aEconomic evaluation package
260 _c1991
350 _a0
490 _aDepartment of Transport
_vPress Notice no LR33/91 8 May 1991 2 pages
520 _aA new evaluation package called ` URECA `, URban EConomic Assessment , designed to appraise road schemes in busy urban areas has been launched by the Department of Transport .
650 _aCOBA
650 _aCOST BENEFIT ANALYSIS
650 _aTRAFFIC CONGESTION
690 _aTRANSPORT AND COMMUNICATIONS
942 _n0
948 _c04/03/1997
999 _c46896
_d46896